| 000 | 00912cam a2200289 4500 | ||
|---|---|---|---|
| 001 | 3686389 | ||
| 003 | ARRUPE | ||
| 005 | 20150909161823.0 | ||
| 008 | 701113s1970 nyu b 000 0 eng | ||
| 010 | _a 78121000 | ||
| 020 | _a0873430352 | ||
| 040 |
_aDLC _cDLC _dDLC |
||
| 050 | 0 | 0 |
_aBD581 _b.S48 1970 |
| 082 | 0 | 0 | _a111 |
| 100 | 1 |
_aSimon, Yves René Marie, _d1903-1961. _919720 |
|
| 245 | 1 | 4 |
_aThe great dialogue of nature and space. _cEdited by Gerard J. Dalcourt. |
| 260 |
_aAlbany, N.Y., _bMagi Books _c[1970] |
||
| 300 |
_axviii, 206 p. _c23 cm. |
||
| 504 | _aIncludes bibliographical references. | ||
| 650 | 0 |
_aPhilosophy of nature. _917211 |
|
| 650 | 0 |
_aSpace and time. _92213 |
|
| 650 | 0 |
_aScience _xPhilosophy. _919721 |
|
| 650 | 0 |
_aChange. _919722 |
|
| 700 | 1 |
_aDalcourt, Gerard J., _d1927-2012, _eed. _919723 |
|
| 906 |
_a7 _bcbc _corignew _d2 _encip _f19 _gy-gencatlg |
||
| 942 |
_2lcc _cMONOGRAPH |
||
| 999 |
_c123371 _d123371 |
||